000
00292nam a2200121Ia 4500
008
190802s9999 xx 000 0 und d
020
_a
978-93-325-8320-7
100
_a
Robert A Haugen
245
0
_a
Modern Investment Theory
260
_a
USA
_b
Pearson
_c
2018
300
_a
663:p
942
_c
BK
999
_c
2284
_d
2284